000 02055cam a22004817a 4500
003 CHAP
005 20220329142133.0
008 991011d1998 mx rs o00110 spa d
010 _a79008
011 _a79980
020 _a970-13-2333-5
020 _a970-13-2379-3
020 _a970-13-2381-5
020 _a970-13-2382-3
020 _a970-13-2383-1
020 _a9701323807
035 _a90417
040 _cCHAP
082 0 4 _a338.972
_bI59 1998 Son.
110 2 _aInstituto Nacional de Estadística, Geografía e Informática. México
_959304
245 1 0 _aCuaderno estadístico municipal :
_bSonora
_c/por Instituto Nacional de Estadística, Geografía e Informática
260 _aAguascalientes, Ags. :
_bInstituto Nacional de Estadística, Geografía e Informática,
_c1999.
300 _av.
500 _aLa biblioteca tiene : v.1 Cajeme.--v.2 Hermosillo.--v.3 Nogales.--v.4 Cananea.--v.5 Bacum.--v.6 Agua Prieta
590 _aBATCH-UPD
_b10
_c20130110
_lUCH01
_h1921
590 _aBATCH-UPD
_b10
_c20130410
_lUCH01
_h1247
590 _aBATCH-UPD
_b10
_c20130914
_lUCH01
_h1502
590 _aCONVERSION
_b10
_c20130109
_lUCH01
_h1344
650 1 4 _aAgricultura
_xEstadisticas
_zSonora.
_91467
650 1 4 _aGanadería
_xEstadísticas
_zSonora.
_944726
650 1 4 _aSonora
_xCondiciones económicas.
_9108580
650 1 4 _aSonora
_xCondiciones sociales.
_9108582
650 1 4 _aSonora
_xEstadísticas.
_9108585
901 _aBK
905 _aLilia Sánchez G.
942 _cLIBRO
949 _a338.972 I59 1998 Son.
_bBC
_cINEGI
_d33724000743373
_eINEGI
_fv.3
_h96520
_i90417
_sb
949 _a338.972 I59 1998 Son.
_bBC
_cINEGI
_d33724000743381
_eINEGI
_fv.2
_h96519
_i90417
_sb
949 _a338.972 I59 1998 Son.
_bBC
_cINEGI
_d33724000743399
_eINEGI
_fv.1
_h96518
_i90417
_sb
949 _a338.972 I59 1998 Son.
_bBC
_cINEGI
_d33724000743407
_eINEGI
_fv.5
_h96522
_i90417
_sb
949 _a338.972 I59 1998 Son.
_bBC
_cINEGI
_d33724000743415
_eINEGI
_fv.4
_h96521
_i90417
_sb
949 _a338.972 I59 1998 Son.
_bBC
_cINEGI
_d33724000743423
_eINEGI
_fv.6
_h96523
_i90417
_sb
999 _c79008
_d79008